| 000 | 014440000a22002050004500 | ||
|---|---|---|---|
| 020 | _a1-58802-X : Donación | ||
| 082 | 0 | 4 | _aG 267.13 B9851b |
| 100 | 1 | _aButler, Phill | |
| 245 | 1 | 0 | _aBien conectados : cómo liberar el poder y restaurar la esperanza a través de las alianzas del reino / Pill Butler |
| 260 | _aMiami : Patmos | ||
| 300 | _a344 p. | ||
| 500 | _aTítulo original: Well connected | ||
| 505 | 0 | 0 | _a\I PARTE: El panorama completo -- La razón de las alianzas ¿Cuál es la motivación? -- Cooperación, redes, alianzas estratégicas: íTantos conceptos y tantas definiciones! \ II PARTE: El diseño de Dios -- cambio espiritual: un proceso, no un acontecimiento -- Las relaciones: plenitud, unidad y diversidad \ III PARTE: Tras bambalinas. La fuerza que impulsa a la alianza -- Oración: casi siempre la pasamos por alto, pero nunca está de más \ IV PARTE: Sobre la marcha. Elementos claves para una reunión exitosa sobre alianzas y redes -- El facilitador de una alianza: el líder siervo impulsado por una visión -- Instauremos esperanza: cómo cumplir con las expectativas y compartir el reconocimiento -- Después de la función viene la forma: estructuras de una alianza eficaz |
| 650 | 1 | 4 | _aALIANZAS \ ENTRENAMIENTO EN RELACIONES DE GRUPO \ IGLESIA - ACCION SOCIAL |
| 001 | 2213 | ||
| 942 | _cBK | ||
| 999 |
_c33195 _d33195 |
||
| 336 |
_atexto _btxt _2rdacontent |
||
| 337 |
_2rdamedia _asin mediación _bn |
||
| 338 |
_2rdacarrier _avolumen _bnc |
||